|
|
|
|
| LEADER |
00959nam a22002892a 4500 |
| 001 |
001252930 |
| 003 |
CZ BrMZK |
| 005 |
20120929165857.0 |
| 007 |
ta |
| 008 |
120929s1968 xr er|||||||||||cze d |
| 015 |
|
|
|a cnb000449436
|
| 035 |
|
|
|a (OCoLC)85218625
|
| 040 |
|
|
|a ABA001
|b cze
|c PNA001
|d ABA001
|
| 080 |
9 |
|
|a 885-312.4
|
| 100 |
1 |
|
|a Kutík, Josef,
|d 1923-1987
|7 jk01071094
|4 aut
|
| 245 |
1 |
0 |
|a Smrt má plavé vlasy /
|c Josef Kutík
|
| 250 |
|
|
|a 2. vyd.
|
| 260 |
|
|
|a Praha :
|b Lidové nakladatelství,
|c 1968
|
| 300 |
|
|
|a 143, [1] s. ;
|c 8°
|
| 490 |
1 |
|
|a Saturn ;
|v Sv. 25
|
| 500 |
|
|
|a 60000 výt.
|
| 830 |
|
0 |
|a Saturn (Lidové nakladatelství)
|0 s
|
| 856 |
4 |
1 |
|u http://www.digitalniknihovna.cz/mzk/uuid/uuid:2b5d4fb0-905d-11e2-9a08-005056827e52
|y Digitalizovaný dokument
|x NDK
|
| 910 |
|
|
|a BOA001
|b D-0589.995-68
|
| 990 |
|
|
|a BK
|
| 991 |
|
|
|b 201209
|
| 996 |
6 |
|
|b 2619530724
|c D-0589.995-68
|l MZK
|r Sklad / do 24 hodin
|n 0
|w 001286878
|u 000010
|a 1
|e BOA001
|j MZK50
|s P
|